000 00601cam a2200193 i 4500
001 50051
005 20230410132823.0
008 071129b1980 dr a 000 0 spa
040 _aDRFGD
041 0 _aspa
050 1 4 _a1erAPT1erB174s 1980
100 1 _aBalcacer, Juan Daniel,
_d1949-.
245 1 3 _aLa Secretaría de Estado de Finanzas de la República Dominicana /
_cJuan Daniel Balcacer
260 _aSanto Domingo
_bTaller C, por A.
_c1980
300 _a47p.
856 4 2 _3Más?... busque en WorldCat (solo desde FUNGLODE)
_uwww.firstsearch.oclc.org/fsip
942 _2lcc
946 0 _amfcruz
999 _c88333
_d88333